header

Introduction to programming using Java : an object-oriented approach (Record no. 253945)

MARC details
000 -LEADER
fixed length control field 00446nam a22001577a 4500
003 - CONTROL NUMBER IDENTIFIER
control field OSt
005 - DATE AND TIME OF LATEST TRANSACTION
control field 20160523115424.0
008 - FIXED-LENGTH DATA ELEMENTS--GENERAL INFORMATION
fixed length control field 160523b xxu||||| |||| 00| 0 eng d
020 ## - INTERNATIONAL STANDARD BOOK NUMBER
International Standard Book Number 0201311844
040 ## - CATALOGING SOURCE
Transcribing agency N/A
050 ## - LIBRARY OF CONGRESS CALL NUMBER
Classification number QA76.73
Item number .A77 1998
100 ## - MAIN ENTRY--PERSONAL NAME
Personal name David M. Arnow
245 ## - TITLE STATEMENT
Title Introduction to programming using Java : an object-oriented approach
Statement of responsibility, etc David M. Arnow, Gerald Weiss.
260 ## - PUBLICATION, DISTRIBUTION, ETC. (IMPRINT)
Name of publisher, distributor, etc Addison Wesley
Date of publication, distribution, etc 1998
942 ## - ADDED ENTRY ELEMENTS (KOHA)
Source of classification or shelving scheme Library of Congress Classification
Koha item type Long Loan Books
Holdings
Withdrawn status Lost status Source of classification or shelving scheme Damaged status Not for loan Collection code Home library Current library Shelving location Date acquired Total Checkouts Full call number Barcode Date last seen Date checked out Price effective from Koha item type
    Library of Congress Classification     Non-fiction Rongo University Library Rongo University Library General Stacks 23/05/2016 2 QA76.73 .A77 1998 20168539 12/10/2018 28/09/2018 23/05/2016 Long Loan Books

© 2026 Rongo University
Contact us: librarian | system librarian | Rongo university